000
00303nam a2200121Ia 4500
008
220204s9999 xx 000 0 und d
082
_a
678.664:62
_b
BRU
100
_a
Bruins, Paul F
245
0
_a
Polyurethane technology
260
_a
London
_b
Interscience
_c
1960
650
_a
Polyurethanes
942
_c
BK
999
_c
23747
_d
23747